| 000 | 00000cam 2200000zi 4500 |
| 001 | 9.925737 |
| 003 | CaOODSP |
| 005 | 20251217133336 |
| 006 | m o d f |
| 007 | cr |n||||||||| |
| 008 | 230719e200006##onca o f|0| 0 eng d |
| 040 | |aCaOODSP|beng|erda|cCaOODSP |
| 043 | |an-cn--- |
| 086 | 1 |aEn4-592/2000E-PDF |
| 245 | 00|aSustainable development in government operations : |ba coordinated approach. |
| 264 | 1|a[Ottawa] : |bGovernment of Canada = Gouvernement du Canada,|cJune 2000. |
| 264 | 4|c©2000 |
| 300 | |a1 online resource (8 pages) : |billustrations |
| 336 | |atext|btxt|2rdacontent |
| 337 | |acomputer|bc|2rdamedia |
| 338 | |aonline resource|bcr|2rdacarrier |
| 500 | |aDigitized edition from print [produced by Environment and Climate Change Canada]. |
| 500 | |aIssued also in French under title: Le développement durable dans les opérations gouvernementales : une approche concertée. |
| 520 | |a"This paper proposes a coordinated approach to sustainability of federal operations. It is founded on the major, on-going commitments of A Guide to Green Government and recommends best practices in seven priority areas of operations. It proposes a toolbox of collaboratively developed performance measures and offers a sample set of concrete targets. Use of common performance measures enables measurability. Emulation of sample targets allows reportability across departments. A joint effort on shared issues provides economies of scale. The fundamental principle of this approach is that sustainability of operations is a journey of continuous improvement; the federal family can make greater progress by walking the road together"--page 1. |
| 650 | 0|aSustainable development|xGovernment policy|zCanada. |
| 710 | 1 |aCanada. |bEnvironment Canada, |eissuing body. |
| 775 | 08|tLe développement durable dans les opérations gouvernementales : |w(CaOODSP)9.958340 |
| 856 | 40|qPDF|s7.39 MB|uhttps://publications.gc.ca/collections/collection_2024/eccc/en4/En4-592-2000-eng.pdf |